|
|
|
|
| LEADER |
00000naa a2200000uu 4500 |
| 001 |
vtls010945787 |
| 003 |
SK-MaSNL |
| 005 |
20260302121932.0 |
| 008 |
210902|1995 xo |||||||||||||||||slo| |
| 015 |
|
|
|a SNBRA
|
| 035 |
|
|
|a (urnnbn)urn:nbn:sk:snk:ar-a0bfj0
|
| 035 |
|
|
|a (uuid)c4ec2e11-3f06-4c55-820c-2eadf92bea32
|
| 035 |
|
|
|a urn:nbn:sk:snk-aau7pb
|
| 040 |
|
|
|a SNKBUCL
|b slo
|c SNKBUCL
|e AACR2
|
| 041 |
0 |
|
|a slo
|
| 044 |
|
|
|a xo
|c SK
|
| 100 |
1 |
|
|a Gajdošová, J.
|4 aut
|9 804778
|
| 245 |
1 |
0 |
|a KERAMIKA S KVÁZI NULOVOU TEPLOTNOU ROZŤAŽNOSŤOU
|c J. Gajdošová, J. Majling, Š. Kovalík, Š. Svetík
|
| 246 |
3 |
|
|a CERAMICS WITH THERMAL EXPANSION CLOSE TO ZERO
|
| 700 |
1 |
|
|a Majling, Ján,
|d 1942-
|4 aut
|9 40011
|
| 700 |
1 |
|
|a Kovalík, Š.
|4 aut
|9 804779
|
| 700 |
1 |
|
|a Svetík, Š.
|4 aut
|9 804780
|
| 773 |
0 |
|
|t Technológia '95
|d Bratislava : Slovenská technická univerzita, 1995
|g S. 93-95
|z 8022707821
|
| 958 |
|
|
|a OND
|
| 958 |
|
|
|a article11
|
| 958 |
|
|
|a chapter
|
| 999 |
|
|
|c 1275813
|d 1277743
|